000 00348nam a22001337a 4500
020 _qPB.
040 _cFIZZA ISHAQ
082 _a339.3
_bCHA
100 _aSCHULTZE,L.CHARLES.
_9133573
245 _aNATIONAL INCOME ANALYSIS /
_cCHARLES L.SCHULTZE.
260 _aLONDON ;
_bPRENTICE-HALL.
_c1964.
300 _a145 P. ;
_c8.9X5.9IN
942 _2ddc
_cBK
999 _c616514
_d616514